भर्तृहरि शतक / (Record no. 111332)

MARC details
000 -LEADER
fixed length control field 01090nam a22002537a 4500
005 - DATE AND TIME OF LATEST TRANSACTION
control field 20170124102922.0
010 ## - LIBRARY OF CONGRESS CONTROL NUMBER
LC control number B-176955
020 ## - INTERNATIONAL STANDARD BOOK NUMBER
Terms of availability 160.00
International Standard Book Number 8186098070
035 ## - SYSTEM CONTROL NUMBER
System control number B-176955
037 ## - SOURCE OF ACQUISITION
Source of stock number/acquisition Cen Lib/Ret
040 ## - CATALOGING SOURCE
Original cataloging agency DPL
Language of cataloging HN
082 ## - DEWEY DECIMAL CLASSIFICATION NUMBER
Classification number 811.08
245 ## - TITLE STATEMENT
Title भर्तृहरि शतक /
Statement of responsibility, etc अनुवादक रामचन्द्र वर्मा शास्त्री
246 ## - VARYING FORM OF TITLE
Title proper/short title Bhrtrahari shatak
Remainder of title traslated by Ramchandra Verma Shastri
260 ## - PUBLICATION, DISTRIBUTION, ETC. (IMPRINT)
Place of publication, distribution, etc दिल्ली
Name of publisher, distributor, etc किरण प्रकाशन
Date of publication, distribution, etc 2005
270 ## - ADDRESS
Address 85, बलदेव पार्क
City दिल्ली
Postal code 110051
300 ## - PHYSICAL DESCRIPTION
Extent 171पृ.
Dimensions 21सेमी(सजिल्द)
650 ## - SUBJECT ADDED ENTRY--TOPICAL TERM
Topical term or geographic name as entry element हिंदी साहित्य
9 (RLIN) 142570
650 ## - SUBJECT ADDED ENTRY--TOPICAL TERM
Topical term or geographic name as entry element हिंदी साहित्य
General subdivision आदिकाल
9 (RLIN) 142571
650 ## - SUBJECT ADDED ENTRY--TOPICAL TERM
Topical term or geographic name as entry element Hidi Literature
9 (RLIN) 142572
650 ## - SUBJECT ADDED ENTRY--TOPICAL TERM
Topical term or geographic name as entry element Hidi Literature
General subdivision Aadikaal
9 (RLIN) 142573
700 ## - ADDED ENTRY--PERSONAL NAME
Personal name शास्त्री, रामचन्द्र वर्मा
9 (RLIN) 42873
942 ## - ADDED ENTRY ELEMENTS (KOHA)
Source of classification or shelving scheme Dewey Decimal Classification
Koha item type Hindi Books
Classification part 811.08
Call number suffix भर्तृह
Holdings
Withdrawn status Lost status Damaged status Not for loan Collection code Home library Current library Date acquired Source of acquisition Cost, normal purchase price Total Checkouts Full call number Barcode Date last seen Copy number Price effective from Koha item type
      Not For Loan Reference Central Library Central Library 25/05/2015 Cen Lib/Ret 160.00   811.08 भर्तृह B-176955 25/05/2015 1 15/09/2016 Hindi Books

© Delhi Public Library
Hit Counter
free hit counter